• 首页
  • 本馆介绍
  • 公告通知
  • 最新文献
  • 馆藏检索
  • 电子资源
  • 读者导购
  • 参考咨询
  • 我的图书馆
  • 登录
  • 详细信息显示
  • 放入我的书架
  • 预约/预借图书
  • 作者相关作品
  • 分类相关作品
  • 丛书相关作品
  • 出版社相关作品

书目信息

  • 表格格式
  • 工作单格式
  • 卡片格式
题名:
语言学概论
    
 
作者: 高名凯 , 王安石 主编
分册:  
出版信息: 北京   中华书局  1987
页数: 262页
开本: 20cm
丛书名:
单 册:
中图分类: H0
科图分类:
主题词: 语言学
电子资源:
ISBN: 7-101-00132-7
000 00632nam0 2200241 45
001 0179000991
005 20061102111901.59
010    @a7-101-00132-7@dCNY2.70
091    @aK9018.63
100    @a19950717e19871963em y0chiy0121 ea
101 0  @achi
102    @aCN@b110000
105    @ay z 000yy
200 10 @a语言学概论@Ayu yan xue gai lun@f高名凯,王安石主编@FGao Ming Kai,Wang An Shi Zhu Bian
205    @a重排版
210    @a北京@c中华书局@d1987
215    @a262页@d20cm
606    @a语言学
690    @aH0@v3
701  0 @a高名凯@4主编
701  0 @a王安石@4主编
801  0 @aCN@bNLC@c20061102
905    @dH0@e1@f1@b251028
    
    语言学概论/高名凯,王安石主编.-重排版.-北京:中华书局,1987
    262页;20cm
    
    
    ISBN 7-101-00132-7:CNY2.70
    
●
相关链接 在E读中查询图书 在五车中查询图书 在当当中查询图书 在豆瓣中查询图书


正题名:语言学概论     索取号:H0/1         预约/预借

序号 登录号 条形码 馆藏地/架位号 状态 备注
1 0010718   001471428   第四借阅区/ [索取号:H0/1] 在馆    
2 0010719   001921843   密集书库/ [索取号:H0/1] 在馆    
3 0010722   202208360   密集书库/ [索取号:H0/1] 在馆    
4 0010724   000816656   第四借阅区/ [索取号:H0/1] 在馆    
5 0010725   202435524   密集书库/ [索取号:H0/1] 在馆    
6 0010726   000816692   第四借阅区/ [索取号:H0/1] 在馆    
7 0010727   202271022   密集书库/ [索取号:H0/1] 在馆    
8 0010728   202270988   密集书库/ [索取号:H0/1] 在馆    
9 0010732   000816736   第四借阅区/ [索取号:H0/1] 在馆    
10 0010735   000816647   第四借阅区/ [索取号:H0/1] 在馆    
11 0010736   202270997   密集书库/ [索取号:H0/1] 在馆    
12 0060499   000816638   第四借阅区/ [索取号:H0/1] 在馆    
13 0060500   202270951   密集书库/ [索取号:H0/1] 在馆    
14 0060501   202270942   密集书库/ [索取号:H0/1] 在馆    
15 0060502   202386756   密集书库/ [索取号:H0/1] 在馆    
16 0060503   202386747   密集书库/ [索取号:H0/1] 在馆    
17 0092213   001650412   第四借阅区/ [索取号:H0/1] 在馆    
18 0092214   000816727   第四借阅区/ [索取号:H0/1] 在馆    
19 0092215   202185713   密集书库/ [索取号:H0/1] 在馆    
20 0204368   000816709   第四借阅区/ [索取号:H0/1] 在馆    
21 0204370   000816665   第四借阅区/ [索取号:H0/1] 在馆    
22 0204372   000816745   第四借阅区/ [索取号:H0/1] 在馆    
23 0251027   000816718   第四借阅区/ [索取号:H0/1] 在馆    
24 0251028   000816674   第四借阅区/ [索取号:H0/1] 在馆    
25 0251030   000816683   第二样本阅览室/ [索取号:H0/1] 在馆    
26 0462760   204627608   密集书库/ [索取号:H0/1] 在馆    
27 0462762   204627626   密集书库/ [索取号:H0/1] 在馆    
28 0462763   204627635   密集书库/ [索取号:H0/1] 在馆    
29 0609549   206095492   第四借阅区/ [索取号:H0/1] 在馆    
唐山师范学院图书馆 欢迎您!
大连网信软件有限公司© 版权所有